[Event "Berliner Sommer 08th"]
[Site "Berlin"]
[Date "1990.08.18"]
[Round "8"]
[White "Vogt, Lothar"]
[Black "Paehtz, Thomas Sr"]
[Result "0-1"]
[WhiteElo "2505"]
[BlackElo "2445"]
[Annotator "Paehtz,T"]
[PlyCount "108"]
[EventDate "1990.08.11"]
[EventType "swiss"]
[EventRounds "9"]
[EventCountry "GER"]
[SourceTitle "EXT 1997"]
[Source "ChessBase"]
[SourceDate "1996.11.15"]
[SourceVersion "1"]
[SourceVersionDate "1996.11.15"]
[SourceQuality "1"]

{SCHACH 10/1990} 1. e4 e6 2. d3 d5 3. Nd2 c5 4. Ngf3 Nc6 5. g3 g6 6. Bg2 Bg7 7.
O-O Nge7 8. Re1 h6 9. c3 b6 $1 10. Qe2 ({Auf} 10. e5 {folgt} g5) ({bzw.} 10. h4
a5 11. a4 Ba6 {Kholmov,R-Paehtz,T/Varna 1987 -"SCHACH" 10/87. Der Textzug
wartet noch ab.}) 10... a5 11. a4 Ba6 {Der wunde Punkt d3! Für Schwarz ist es
zweckmäßig, so lange wie möglich die Rochade hinauszuzögern. Gegebenenfalls
sogar 0-0-0.} 12. exd5 exd5 (12... Nxd5 $2 13. Nc4 {nebst Nce5}) 13. Nf1 O-O
14. h4 Qd7 15. Bf4 Rfe8 $1 {Nach langem Nachdenken gespielt.} 16. Qd2 Kh7 17.
Ne3 Rad8 18. d4 cxd4 19. cxd4 $2 {Erst dieses Schlagen erweist sich in der
Folge als ernsthafter Fehler.} ({Nach dem richtigen} 19. Nxd4 Nxd4 20. cxd4 {
befindet sich das Spiel im Gleichgewicht.}) 19... Nb4 $1 20. Ne5 Bxe5 $1 {
Wie mir Lothar nach der Partie erzählte, unterschätzte er diesen einfachen Zug,
weil er ausreichende taktische Chancen erwartete.} 21. Bxe5 Nd3 22. Red1 Nxe5
23. dxe5 d4 $1 24. Nc2 Nf5 25. Qf4 d3 $1 26. Ne3 Nxe3 27. Qxe3 Qd4 $1 {Der
Freibauer d3 sichert klaren Vorteil.} 28. Qf3 Rd7 $1 ({Nach} 28... Kg8 29. Bf1
Rxe5 30. Bxd3 $1 Bxd3 31. Ra3 {würde Weiß Remischancen besitzen.}) ({Oder} 
28... Re7 29. Qf6) 29. Bh3 Bb7 30. Qg4 Qxg4 {Endlich Damentausch! Ich war mir
nun des Sieges ganz sicher.} 31. Bxg4 Rd4 32. f4 {Weiß konnte Bauernverlust
vermeiden, musste aber dafür den Bauern nach d2 lassen.} d2 $1 33. b3 ({Auch} 
33. Rf1 {mit der Idee Bd1 bot keine besseren Aussichten, z.B.} Rb4 $1 34. Ra2
Rd8 35. Bd1 Bd5 $1) 33... g5 $1 34. hxg5 hxg5 35. Ra2 Red8 36. Rc2 {Was sonst?}
gxf4 37. Rc7 Bd5 38. e6 {Sieht gefährlicher aus, als es ist.} Bxb3 39. Rxf7+
Kg8 40. gxf4 Bxd1 41. Bxd1 Re4 $1 {Klärt endgültig.} 42. Rd7 Rxd7 43. exd7 Rd4
44. Kf2 Rxd7 45. Ke2 Kg7 46. Bc2 Kf6 47. Kd1 Rd4 48. f5 Kg5 49. Ke2 Rd6 50. Kd1
Kf6 51. Bb1 Kg5 52. Bc2 Rd4 53. Ke2 b5 $1 {Na endlich!} ({Es gewann natürlich
auch} 53... d1=Q+) 54. axb5 a4 0-1

[Event "Olympiad-34"]
[Site "Istanbul"]
[Date "2000.11.10"]
[Round "13.1"]
[White "Rowson, Jonathan"]
[Black "Efimov, Igor"]
[Result "0-1"]
[WhiteElo "2494"]
[BlackElo "2520"]
[Annotator "Psakhis,L"]
[PlyCount "96"]
[EventDate "2000.10.28"]
[EventType "team-swiss"]
[EventRounds "14"]
[EventCountry "TUR"]
[SourceTitle "EXT 2001"]
[Source "ChessBase"]
[SourceDate "2000.11.22"]
[SourceVersion "1"]
[SourceVersionDate "2000.11.22"]
[SourceQuality "1"]
[WhiteTeam "Scotland"]
[BlackTeam "Italy"]
[WhiteTeamCountry "SCO"]
[BlackTeamCountry "ITA"]

1. e4 c5 2. Nf3 e6 3. d3 $5 Nc6 4. g3 d5 5. Qe2 ({Just few players " remember
" nowdays old-good move} 5. Nbd2) 5... Nge7 6. Bg2 g6 7. h4 h6 8. O-O Bg7 9. c3
b6 10. Na3 (10. e5 $5 Qc7 11. Re1 Bb7 12. Na3 a6 13. Nc2 {[%cal Gd3d4]} d4 $6
14. cxd4 cxd4 15. Ncxd4 Nxd4 16. Nxd4 Rd8 17. Bxb7 Qxb7 18. Nf3 Rd7 19. Qe4
Qxe4 20. dxe4 Rd3 21. Be3 $16 {1-0 Adams,M-Gurevich,M/Sarajevo 2000/The Week
in Chess 290 (41)}) 10... Ba6 11. e5 Qc7 12. Re1 Nb8 $146 {[%cal Gb8d7] This
is a new try, but not very impressive one!} ({It looks that simple} 12... O-O
$5 {is the best move in this position, with possible continuation:} 13. Bd2 Qd7
14. b4 cxb4 15. cxb4 Nf5 $1 16. b5 $2 Ncd4 17. Nxd4 Nxd4 18. Qg4 Nxb5 19. Qa4
Rfd8 $19 {Strikovic,A-Kaidanov,G/Yerevan olm 1996/0-1 (39)}) (12... b5 13. Nc2
b4 14. cxb4 cxb4 15. Bf4 Qb6 16. Qd2 h5 17. d4 Nf5 18. Bh3 Bc8 19. b3 Bd7 20.
Rac1 a5 21. Bxf5 gxf5 22. Bg5 $16 {1-0 Fedorov,A-Dolmatov,S/Calcutta 75/2 1999/
(36)}) (12... O-O-O 13. Rb1 $1 Kb8 14. b4 cxb4 15. cxb4 b5 16. Nc2 Rc8 17. a4
$5 Nxe5 18. Nfd4 g5 19. hxg5 hxg5 20. Bxg5 N7g6 21. axb5 Bxb5 22. Nxb5 Qxc2 23.
Qe3 $36 {1-0 Bologan,V-Khruschiov,A/Minsk zt 2000/ (32)}) 13. Bf4 Nd7 (13... g5
$6 14. hxg5 Ng6 15. c4 $5 Nxf4 16. gxf4 $16) 14. Qd2 Rd8 15. d4 {Playing quite
naturally White has reached a particularly good position} (15. Nc2 $5 {[%cal
Gc2e3,Ge3g4]}) 15... Kf8 $5 {[%cal Gf8h7]} 16. Bf1 $6 {Why White wants to
exchange passive black bishop?} ({After} 16. Nc2 Kg8 17. Ne3 $36 {black's
position is passive and unpleasant}) 16... Bxf1 17. Rxf1 {[%cal Ga3b5]} a6 18.
Qe2 {White has a better pawn structure and clear space advantage , which
enables him to try various plans here, while Black has to stay passive.} (18.
Nc2 $14) 18... Qb7 19. h5 Rc8 20. Rad1 b5 21. Nc2 {[%cal Gd4c5,Gc2d4]} c4 $1
22. Kg2 Ke8 $5 23. hxg6 $6 {Little bit premature.} (23. Nh2 $142 $1 {[%cal
Gf1h1,Gh2g4]}) 23... fxg6 24. Rh1 Nf8 25. Ne3 $6 {[%mdl 512] It looks that
Rowson just fed up with long manoeuvres.} ({After} 25. Nh2 $5 {modest I still
prefer white's position}) 25... g5 $1 26. Bxg5 hxg5 27. Rxh8 Bxh8 28. Ng4 (28.
Nxg5 $5 {[%cal Gf2f4]}) 28... Nf5 29. Nxg5 Qe7 30. f4 Bg7 31. Rh1 b4 32. Nh7 ({
White rightly avoided the line} 32. Qc2 bxc3 33. bxc3 Qd7 $17) 32... Rb8 33.
Qc2 $1 (33. Ngf6+ Kd8 34. g4 bxc3 35. bxc3 Qa3 $1 $19) 33... bxc3 34. Qa4+ Kf7
35. Ng5+ Kg6 (35... Kg8 $142 $5 {looks better}) 36. bxc3 Rb2+ 37. Kf3 Rd2 {
White managed to get reasonable compensation for the bishop and} 38. Rd1 ({
after} 38. Nf2 $1 Bh6 39. Ngh3 $132 {[%cal Ga4a6] his chances will be not
worse.}) 38... Rb2 (38... Rxd1 $5 39. Qxd1 Nh7) 39. Qxa6 Bh6 (39... Rc2 40. Qa5
Qb7 {[%cal Rb7b2]}) 40. Nxh6 ({In the case of} 40. Nh3 {Efimov could choose
between strong move} Rc2 ({and funny draw -} 40... Qh4 $5 41. gxh4 Nxh4+ 42.
Kg3 Nf5+ $11) 41. Qa5 Qb7 $17 {with an advantage}) 40... Nxh6 41. Qa4 (41. Rh1
Rd2) 41... Nh7 42. Nh3 $2 {Last mistake.} ({After correct} 42. Nxh7 Kxh7 (42...
Qxh7 43. Rh1 Qf7 44. Qa8 $132) 43. Rb1 $1 $132 {result of the game will be
completely unclear.}) 42... Qf7 {[%csl Rf3][%cal Rf7f5]} (42... Rh2 $5 43. Nf2
$140 Ng5+ $1 $19) 43. g4 Rh2 44. f5+ (44. Kg3 Nxg4 $1 $19) 44... Nxf5 $1 45.
gxf5+ Qxf5+ $19 46. Nf4+ Kg5 47. Rg1+ Kh4 48. Qc2 $5 Rh3+ (48... Qxc2 $4 49.
Rg4#) 0-1

[Event "RUS-Cup7"]
[Site "Kstovo"]
[Date "1997.05.06"]
[Round "6"]
[White "Yagupov, Igor"]
[Black "Malaniuk, Vladimir P"]
[Result "1/2-1/2"]
[WhiteElo "2420"]
[BlackElo "2610"]
[Annotator "Psakhis,L"]
[PlyCount "61"]
[EventDate "1997.05.01"]
[EventType "swiss"]
[EventRounds "9"]
[EventCountry "RUS"]
[SourceTitle "CBM 059"]
[Source "ChessBase"]
[SourceDate "1997.08.01"]
[SourceVersion "1"]
[SourceVersionDate "1997.08.01"]
[SourceQuality "1"]

1. e4 e6 2. d3 d5 3. Nd2 Nf6 4. Ngf3 g6 5. g3 Bg7 6. Bg2 O-O 7. O-O c5 8. c3
Nc6 9. Re1 Qc7 {Fashionable setup nowdays.Black developed knight on f6 instead
of "normal" e7.} 10. exd5 (10. Nf1 dxe4 11. dxe4 Rd8 12. Qc2 Ng4 13. Bg5 Rd7
14. Rad1 Rxd1 15. Rxd1 Bd7 16. h3 $14 {1/2-1/2 Gelman,A-Ivanov,V/Moscow 1992 
(33)}) (10. e5 $5 Ng4 11. d4 cxd4 12. cxd4 Nb4 13. Rf1 Qc2 14. Qe2 Qd3 15. Qxd3
Nxd3 16. h3 Nh6 17. Rd1 $14 {1-0 Petrosian,T-Koliakov/Moscow 1951 (32)}) 10...
Nxd5 {Now everything came just to transpositions of moves.} 11. Nb3 (11. Nc4 b6
12. Ng5 Bb7 13. Qg4 Rad8 $11 14. Rxe6 $6 h6 15. Nxf7 Qxf7 16. Qe2 Nxc3 17. bxc3
Bxc3 $17 {0-1 Ljubojevic,L-Hulak,K/Rovinj/Zagreb 1975 (39)}) 11... b6 (11...
Na5 12. d4 cxd4 13. Nfxd4 Nc4 14. a4 a6 15. Qe2 Bd7 16. a5 Rfe8 $11 {0-1
Todorcevic,M-Pigusov,E/Las Palmas op 1996 (48)}) 12. d4 cxd4 13. c4 {N/ This
new move doesn't produced too many problems for Black, but and after} (13.
Nbxd4 Nxd4 14. Nxd4 Bb7 15. Qe2 Qd7 16. Bg5 Nf6 17. Bxb7 Qxb7 18. c4 Rfd8 $11 {
1-0 Haase,W-Zaerban,J/Kassel op 1994 (45) game is also equal.}) 13... Nde7 14.
Bf4 Qd8 (14... Qd7 15. Nfxd4 $36) 15. Nbxd4 Bb7 $11 16. Nxc6 (16. Ne5 Rc8 17.
b3 Ba8) 16... Nxc6 17. Qe2 Qe7 18. h4 (18. Rad1 Rad8 19. b3 $11) 18... Rfe8 19.
Rad1 e5 20. Bg5 f6 21. Be3 e4 22. Nd4 (22. Nd2 Nb4 $36) 22... Ne5 23. Bf4 Rad8
$5 (23... f5) 24. Bxe4 (24. b3) 24... Bxe4 25. Qxe4 f5 $1 (25... Nf3+ $2 26.
Qxf3 Qxe1+ 27. Rxe1 Rxe1+ 28. Kg2 Rxd4 29. Qa8+ Kf7 30. Qxa7+ $18) 26. Nc6 $1
Qc5 $1 (26... Qf8 $6 27. Qg2 Nxc6 28. Qxc6 Bxb2 29. Rxe8 Rxe8 30. Rd7 $14) 27.
Rxd8 Rxd8 28. Qxe5 $1 Bxe5 29. Nxd8 Qc8 $1 (29... Bxf4 $2 30. Re8+ Kg7 31. Ne6+
Kf7 32. Nxc5 Kxe8 33. gxf4 (33. Nd3 $16) 33... bxc5 34. Kf1 $18) 30. Rxe5 Qxd8
31. Bg5 ({Here opponents agreed draw, but I think, that after} 31. Bg5 Qd1+ 32.
Kg2 Qa4 33. b3 Qxa2 34. Re3 (34. Re8+ Kf7 35. Re7+ Kf8 36. Rxh7 a5 $5) 34... a5
$15 {Malaniuk could continue to play for a win without any risk.}) 1/2-1/2

[Event "Sautron op 15th"]
[Site "Sautron"]
[Date "2015.10.24"]
[Round "8.2"]
[White "Libiszewski, Fabien"]
[Black "Swayams, Mishra"]
[Result "1/2-1/2"]
[WhiteElo "2523"]
[BlackElo "2444"]
[Annotator "RR"]
[PlyCount "48"]
[EventDate "2015.10.24"]
[EventType "swiss"]
[EventRounds "9"]
[EventCountry "FRA"]
[SourceTitle "CBM 169 Extra"]
[Source "ChessBase"]
[SourceDate "2015.12.18"]
[SourceVersion "1"]
[SourceVersionDate "2015.12.18"]
[SourceQuality "1"]
[TimeControl "40/5400+30:1800+30"]
[WhiteClock "0:35:27"]
[BlackClock "1:21:50"]

1. g3 {[%emt 0:00:00]} d5 {[%emt 0:01:23]} 2. Nf3 {[%emt 0:00:00]} c5 {[%emt 0:
01:00]} 3. Bg2 {[%emt 0:00:03]} Nc6 {[%emt 0:00:21]} 4. O-O {[%emt 0:00:28]} e5
{[%emt 0:00:12]} 5. d3 {[%emt 0:00:17]} Nf6 {[%emt 0:01:09]} 6. Nbd2 {[%emt 0:
01:17]} Be7 {[%emt 0:00:35]} 7. e4 {[%emt 0:00:18]} d4 {[%emt 0:00:29] Une
Petrossian en premier!} 8. Nc4 {[%emt 0:04:42]} Qc7 {[%emt 0:00:16]} 9. a4 {
[%emt 0:00:50]} Be6 {[%emt 0:00:23]} (9... O-O 10. Nh4 Ne8 11. Nf5 Be6 12. b3
Nd6 13. f4 Nxf5 14. exf5 Bxf5 15. fxe5 Be6 16. Bf4 Qd7 17. Qd2 Bd5 18. Rae1 Nb4
19. Bxd5 Nxd5 20. Bg5 Rae8 21. Re4 Nc3 22. Ree1 Nd5 23. Re4 Bxg5 24. Qxg5 Re6
25. Re2 b6 26. Ref2 h6 27. Qh5 Qe7 28. Qf3 Ne3 29. Nxe3 dxe3 30. Qxe3 Rxe5 31.
Qf4 a5 32. Qc4 Qe6 {1/2-1/2 (32) Ni,H (2681)-Zvjaginsev,V (2658) Taiyuan 2007})
10. b3 {[%emt 0:14:43]} Nd7 {[%emt 0:00:10]} 11. Ng5 {[%emt 0:03:22]} Bxg5 {
[%emt 0:01:38]} 12. Bxg5 {[%emt 0:00:03]} f6 {[%emt 0:02:59]} 13. Bd2 {[%emt 0:
04:49]} h5 $5 {[%emt 0:00:02]} 14. f4 {[%emt 0:02:24]} h4 {[%emt 0:01:08]} 15.
f5 {[%emt 0:04:59]} Bxc4 {[%emt 0:02:57]} 16. bxc4 {[%emt 0:08:24]} hxg3 {
[%emt 0:00:02]} 17. hxg3 {[%emt 0:01:19]} a5 $1 {[%emt 0:00:06]} (17... O-O-O
$143 18. a5) 18. g4 {[%emt 0:09:00]} O-O-O {[%emt 0:01:36]} 19. g5 {[%emt 0:01:
23]} Nb4 {[%emt 0:00:05]} 20. g6 {[%emt 0:07:07]} Rh4 {[%emt 0:03:19]} 21. Be1
{[%emt 0:00:43]} Rh6 {[%emt 0:00:05]} 22. Bd2 {[%emt 0:00:07]} Rh4 {[%emt 0:00:
02]} 23. Be1 {[%emt 0:00:10]} Rh6 {[%emt 0:00:02]} 24. Bd2 {[%emt 0:00:05]} Rh4
{[%emt 0:00:11]} 1/2-1/2

[Event "ISR-chT"]
[Site "Israel"]
[Date "1999.04.02"]
[Round "6"]
[White "Ribshtein, Nati"]
[Black "Ravia, Mosi"]
[Result "0-1"]
[WhiteElo "2300"]
[BlackElo "2373"]
[Annotator "Ribshtein,N"]
[PlyCount "78"]
[EventDate "1999.01.??"]
[EventType "team"]
[EventRounds "11"]
[EventCountry "ISR"]
[SourceTitle "CBM 070"]
[Source "ChessBase"]
[SourceDate "1999.06.08"]
[SourceVersion "1"]
[SourceVersionDate "1999.06.08"]
[SourceQuality "1"]

1. e4 c5 2. Nf3 e6 3. d3 Nc6 4. g3 g6 5. Bg2 Bg7 6. O-O Nge7 7. c3 d5 8. Re1 b6
9. e5 Bb7 10. h4 h6 11. Qe2 Qc7 12. Na3 Ba6 13. Bd2 $1 O-O 14. b4 cxb4 15. cxb4
Bb7 16. d4 Qd7 17. Nc2 Rac8 18. Ne3 $2 (18. Bf4 $1 Nb8 19. a4 Qc7 20. Rec1 $1
$16) 18... Nf5 $1 19. Qd3 $5 (19. Nxf5 exf5 $11) 19... Nxe3 20. Qxe3 Ne7 $2 (
20... a5 $1 21. a3 (21. b5 $6 Nb4 22. Bxb4 axb4 23. Qe2 Rc4 24. Bf1 Qxb5 25.
Qb2 Qc6 $17) 21... Ba6 $11) 21. a4 $14 Rc2 22. Bf1 $1 Rfc8 23. Bd3 Rb2 24. Ra3
$1 Nf5 25. Qf4 $6 (25. Bxf5 exf5 (25... gxf5 26. Bc3 Rc2 27. Qd3 R2xc3 28. Rxc3
Qxa4 29. Rxc8+ Bxc8 30. Qc3 Qd7 (30... Ba6 $2 31. Ra1 Qb5 32. Qa3 $1 $18) 31.
b5 $1 $18 (31. Rc1 $2 Ba6 $1 $44 32. Qc7 Qxc7 33. Rxc7 Bf8 34. Rxa7 Be2 35. Kg2
$1 Bxb4 36. Ng1 $3 {Alterman,B} Bc4 (36... Bd1 $2 37. Ra1 $1 $18) 37. Kf3 $1
Bc3 38. Ke3 b5 39. Nh3 b4 40. Nf4 b3 41. Ra8+ Kh7 42. Rb8 b2 43. Nd3 $18)) 26.
Bc3 Rc2 27. Qd3 R2xc3 28. Rxc3 Qxa4 29. Rxc8+ Bxc8 30. Qc3 Be6 31. Ra1 Qd7 32.
Qa3 $1 Bf8 33. Qxa7 Qxa7 34. Rxa7 Bxb4 35. Rb7 Ba5 36. Rb8+ Kg7 37. Kf1 $18)
25... a5 $1 26. bxa5 Bf8 27. Raa1 bxa5 28. Bxa5 Ra8 $1 29. Bc3 Rb3 30. Qd2 Rc8
31. Ba5 Ra8 32. Be2 $1 Ba6 33. Bd1 Rd3 34. Qb2 Bc4 35. Bc3 Qc7 36. Rb1 $4 (36.
Be2 $1 Rb8 37. Qc1 $16) 36... Bb3 $1 37. Qxb3 Rxc3 38. Qb2 Rc8 39. Kg2 Qc4 $138
0-1

[Event "Rishon Le Ziyyon"]
[Site "Rishon Le Ziyyon"]
[Date "1999.??.??"]
[Round "9"]
[White "Weisbuch, Udi"]
[Black "Ribshtein, Nati"]
[Result "0-1"]
[WhiteElo "2305"]
[BlackElo "2300"]
[Annotator "Ribshtein,N"]
[PlyCount "86"]
[EventDate "1999.??.??"]
[EventType "tourn"]
[EventRounds "9"]
[EventCountry "ISR"]
[SourceTitle "CBM 070"]
[Source "ChessBase"]
[SourceDate "1999.06.08"]
[SourceVersion "1"]
[SourceVersionDate "1999.06.08"]
[SourceQuality "1"]

1. e4 c5 2. Nf3 e6 3. d3 Nc6 4. g3 d5 5. Nbd2 Bd6 6. Bg2 Nge7 7. O-O O-O 8. Nh4
f6 9. f4 Bd7 10. exd5 $2 exd5 11. f5 Qc7 12. Rf2 (12. c3 b5 $15) 12... Nd4 $1
13. Nf1 Ndxf5 14. Nxf5 Bxf5 15. Bxd5+ Nxd5 16. Rxf5 Be5 $1 $17 17. Rf3 Rfe8 18.
c3 Rad8 19. Ne3 Qf7 $1 20. Nf5 Kh8 21. Bd2 Ne7 $1 22. Nh4 (22. Nxe7 Rxe7 $17)
22... Rd5 $1 23. Qa4 Nc6 24. Re1 Qd7 25. Qc2 Rd8 26. Ree3 Bc7 $1 27. Ng2 Ne5
28. Rf1 Nxd3 $6 (28... Rxd3 $1 $19) 29. c4 Re5 30. Bc3 Rxe3 31. Nxe3 Ne5 32.
Nd5 Bb8 33. b3 Re8 34. Rf5 $6 (34. Qf5 $1 $17) 34... Qf7 35. Qf2 Qg6 36. Nxf6
gxf6 37. Rxf6 Qb1+ 38. Kg2 Qe4+ 39. Kh3 Kg8 40. Rf4 Nd3 41. Qg1 Nxf4+ 42. gxf4+
Qg6 43. Qxc5 Qe6+ 0-1

[Event "RUS-chT 08th Group1"]
[Site "Tomsk"]
[Date "2001.05.17"]
[Round "5"]
[White "Volzhin, Alexander"]
[Black "Pevzner, Lev"]
[Result "1-0"]
[WhiteElo "2528"]
[BlackElo "2357"]
[Annotator "Volzhin,A"]
[PlyCount "69"]
[EventDate "2001.05.13"]
[EventType "team-tourn"]
[EventRounds "5"]
[EventCountry "RUS"]
[SourceTitle "EXT 2004"]
[Source "ChessBase"]
[SourceDate "2003.11.25"]
[SourceVersion "1"]
[SourceVersionDate "2003.11.25"]
[SourceQuality "1"]
[WhiteTeam "Norilsk Norilsky Nikel"]
[BlackTeam "Khabarovsk Lokomotiv"]
[WhiteTeamCountry "RUS"]
[BlackTeamCountry "RUS"]

1. e4 c5 2. Nf3 e6 3. d3 Nc6 4. c3 d5 5. Qe2 Nge7 6. g3 g6 7. Bg2 Bg7 8. O-O
O-O (8... b6 {intending Bb7, Qc7 and q-side castling is another possibility.})
9. e5 Rb8 {The alternatives are:} (9... b5 10. h4 h5 11. Bg5 Qc7 12. Nbd2 Nf5
13. Rfe1 a5 14. Nf1 Rb8 15. N1h2 $36 {and White has good chances for k-side
attack, Psakhis,L-Mohr,G/Istanbul 2000}) (9... b6 10. Bf4 (10. h4 $5) 10... a5
11. a4 Nf5 12. Re1 f6 13. Na3 g5 14. exf6 Bxf6 15. Be5 g4 16. Bxf6 Qxf6 17. Ne5
Nxe5 18. Qxe5 Qxe5 19. Rxe5 $16 {and the endgame clearly favors White, Psakhis,
L-Ligterink,G/Wijk aan Zee 1997/CBM 60 ext}) (9... f5 10. exf6 Bxf6 11. Bh6 Re8
12. g4 $5 {Restricknig the Black knight on e7.} e5 13. h3 Qc7 14. c4 $1 e4 15.
dxe4 dxe4 16. Ng5 Nd4 17. Qxe4 Bd7 18. Nc3 Bc6 19. Qd3 Bxg2 20. Kxg2 Rad8 21.
Nge4 Qc6 22. Rfe1 Kh8 23. Rad1 Ndf5 24. Nd5 Nh4+ 25. Kf1 Ng8 26. Nexf6 Rxe1+
27. Rxe1 Nxf6 28. Qc3 {1-0 Fischer,R-Rodriguez,R/Meralco 1967}) (9... h6 10. h4
f6 11. exf6 Rxf6 12. Bf4 Qf8 13. Bd6 b6 14. Nbd2 Bb7 15. Be5 Nxe5 16. Nxe5 Rd8
17. Ng4 Rf7 18. Qxe6 $16 {Glek,I-Siebrecht,S/Essen 2000.}) 10. Na3 ({
Straightforward} 10. h4 $5 {is worth considering as well.}) 10... b5 11. Nc2 d4
(11... b4 {An attemp to open files on the q-side looks premature:} 12. cxb4 (
12. c4 b3 13. axb3 Rxb3 $132 {<<}) 12... Nxb4 13. Nxb4 Rxb4 14. b3 $1 $16 {
with clear edge for White in view of the weakness of c5-pawn.}) 12. cxd4 cxd4
13. Bg5 $1 {/\Nd4} Re8 14. Rfe1 Bb7 15. Qd2 Qb6 16. Rac1 Nd5 17. Bh6 Bh8 18.
Na1 $1 $16 {Improving the position of the knight.} Rbc8 19. Nb3 a5 20. h4 $1 {
->>>} Ba8 21. h5 a4 22. Nc5 {Now all white pieces occupy excellent positions.}
a3 {Giving up the pawn for nothing but Black's position is difficult anyway.
He has no real counterplay while white pieces are ready to launch the attack
over black king.} (22... Nxe5 $2 23. Nxe5 Rxc5 (23... Bxe5 24. Nd7 $18) 24. Nd7
$18) 23. bxa3 Nc3 24. Nb3 $1 b4 25. axb4 Nxb4 26. Nbxd4 Nbxa2 27. Ra1 $1 Bd5
28. Bg5 $1 {/\Bf6עg8} Nb4 29. Ra3 Bxf3 30. Nxf3 Ncd5 31. Rb1 $18 {Now Black
can't avoid gross material losses.} Qc5 32. d4 Qb5 33. Rab3 Rb8 34. Ne1 Qd7 35.
Bxd5 1-0